000 00319 a2200109 4500
001 ART_11379
005 20260410161856.0
008 260409a
245 1 0 _aReestructuración de Empresas
100 1 _aAlvarez, Héctor Felipe
773 0 _tRevista de Economía
_g- Nº 78 (jul./sep. 1995)
_wREV11077
999 _c25516
_d25516